Induced innovation theory and international agricultural development : (Record no. 14925)

000 -LEADER
fixed length control field 00603pam a2200193 a 4500
020 ## - INTERNATIONAL STANDARD BOOK NUMBER
ISBN 0801848911 (acidfree paper)
040 ## - CATALOGING SOURCE
Transcribing agency DLC
082 00 - DEWEY DECIMAL CLASSIFICATION NUMBER
Classification number 338 JOH 1995 A072 Co.
245 00 - TITLE STATEMENT
Title Induced innovation theory and international agricultural development :
Remainder of title a reassessment /
260 ## - PUBLICATION, DISTRIBUTION, ETC. (IMPRINT)
Place of publication Baltimore :
Name of publisher Johns Hopkins University Press,
Year of publication c1995.
300 ## - PHYSICAL DESCRIPTION
Number of Pages viii, 190 p. :
Other physical details ill.
Dimensions ;24 cm.
650 #0 - SUBJECT ADDED ENTRY--TOPICAL TERM
Topical Term Agriculture
650 #0 - SUBJECT ADDED ENTRY--TOPICAL TERM
Topical Term Agricultural innovations
650 #0 - SUBJECT ADDED ENTRY--TOPICAL TERM
Topical Term Agricultural diversification
650 #0 - SUBJECT ADDED ENTRY--TOPICAL TERM
Topical Term Food supply
650 #0 - SUBJECT ADDED ENTRY--TOPICAL TERM
Topical Term Green Revolution.
700 1# - ADDED ENTRY--PERSONAL NAME
Personal name Koppel, Bruce.
942 ## - ADDED ENTRY ELEMENTS (KOHA)
Koha item type សៀវភៅភាសាអង់គ្លេស
952 ## - LOCATION AND ITEM INFORMATION (KOHA)
Withdrawn status [LOCAL, KOHA] 0
Holdings
Permanent Location Date acquired Koha item type Lost status Shelving location Barcode Current Location Full call number
Library Block A2017-11-01សៀវភៅភាសាអង់គ្លេស A076A07181Library Block A338 JOH 1995 A076 Or.
មជ្ឈមណ្ឌលឯការនៃសាកលវិទ្យាល័យភូមិន្ទកសិកម្មចំការដូង

Powered by Koha